000 00649nam a2200205Ia 4500
005 20260415173416.0
008 008 250505s9999 xx 000 0 eng d
020 _a978-0-367-45656-7
037 _aReference
040 _aFEDL
_beng
_cFEDL
041 _aeng
_2eng
084 _a371.102 ZEV/RR
_qFEDL
100 _aZevin Jack
_91234879
245 0 _aSocial studies for the twenty-first century: Methods and materials for teaching in middle and secondary schools
250 _a5
260 _aLondon, UK
_bRoutledge
_c2023
300 _axv, 298p.
942 _cREF
_h371.102 ZEV/RR
999 _c1400126
_d1400126